[Event "Scandinavian Intrigue!"]
[Site "SchemingMind.com"]
[Date "2016.01.15"]
[Round "-"]
[White "Stephen Woodhouse"]
[Black "DHall"]
[Result "0-1"]
[WhiteCountry "ENG"]
[BlackCountry "ENG"]
[WhiteElo "1814"]
[WhiteRD "48"]
[BlackElo "2157"]
[BlackRD "77"]
[GameID "393844"]

1. e4 d5 2. exd5 Qxd5 3. Nc3 Qd8 4. d4 Nf6 5. Nf3 Bg4 6. h3 Bxf3 7. Qxf3 e6 8. Be3 c6 9. O-O-O Bb4 10. Ne4 Nbd7
11. Bd3 Nxe4 12. Bxe4 Qa5 13. a3 Be7 14. Rhe1 O-O 15. Qg3 Rfd8 16. Bd2 Qb6 17. Bc3 Nf6 18. Bf3 Nd5 19. Bxd5 Rxd5 20. Kb1 Bxa3
21. b3 a5 22. Ka2 Bb4 23. Kb2 a4 24. Ra1 Bxc3+ 25. Qxc3 Rxd4 26. Ra3 Qd8 27. Rea1 b5 28. Qxc6 Rc8 29. Qxb5 Rxc2+ 30. Kxc2 Rd2+
31. Kc3 Qd4#
0-1

[Event "Scandinavian Intrigue!"]
[Site "SchemingMind.com"]
[Date "2016.01.15"]
[Round "-"]
[White "DHall"]
[Black "Stephen Woodhouse"]
[Result "1-0"]
[WhiteCountry "ENG"]
[BlackCountry "ENG"]
[WhiteElo "2157"]
[WhiteRD "77"]
[BlackElo "1814"]
[BlackRD "48"]
[GameID "393845"]

1. e4 d5 2. exd5 Qxd5 3. Nc3 Qd6 4. d4 Nf6 5. Nf3 c6 6. Ne5 Nbd7 7. Nc4 Qc7 8. Qf3 Nb6 9. Bf4 Qd7 10. O-O-O Qg4
11. Ne5 Qxf3 12. Nxf3 e6 13. Bd3 Be7 14. Kb1 O-O 15. h4 Nbd5 16. Nxd5 exd5 17. Rde1 Bd7 18. Rxe7
1-0

[Event "Scandinavian Intrigue!"]
[Site "SchemingMind.com"]
[Date "2016.01.19"]
[Round "-"]
[White "Darnell"]
[Black "Stephen Woodhouse"]
[Result "1-0"]
[WhiteCountry "CAN"]
[BlackCountry "ENG"]
[WhiteElo "1605"]
[WhiteRD "106"]
[BlackElo "1814"]
[BlackRD "48"]
[GameID "393988"]

1. e4 d5 2. exd5 Qxd5 3. Nc3 Qd6 4. Bc4 Nf6 5. d4 c6 6. Nf3 Nbd7 7. Qe2 e6 8. Bg5 Be7 9. O-O-O O-O 10. Ne5 h6
11. Bh4 Nb6 12. Bd3 Nbd5 13. Ne4 Nxe4 14. Qxe4 Bxh4 15. Qh7#
1-0

[Event "Scandinavian Intrigue!"]
[Site "SchemingMind.com"]
[Date "2016.01.19"]
[Round "-"]
[White "Stephen Woodhouse"]
[Black "Darnell"]
[Result "0-1"]
[WhiteCountry "ENG"]
[BlackCountry "CAN"]
[WhiteElo "1814"]
[WhiteRD "48"]
[BlackElo "1605"]
[BlackRD "106"]
[GameID "393989"]

1. e4 d5 2. exd5 Qxd5 3. Nc3 Qa5 4. Nf3 Nf6 5. d4 c6 6. Bc4 Bf5 7. O-O e6 8. Bf4 Nbd7 9. Re1 Be7 10. Ne5 Nb6
11. Bb3 O-O 12. Qf3 Nbd5 13. Nxd5 cxd5 14. h3 Rac8 15. c3 Qb5 16. g4 Be4 17. Qg3 a5 18. f3 a4 19. Bd1 Qxb2 20. Bxa4 Qxc3
21. fxe4 Qxd4+ 22. Qe3 Qxa4 23. exd5 Bc5 24. Qxc5 Rxc5 25. dxe6 Qxf4
0-1

[Event "Scandinavian Intrigue!"]
[Site "SchemingMind.com"]
[Date "2016.01.19"]
[Round "-"]
[White "Darnell"]
[Black "DHall"]
[Result "0-1"]
[WhiteCountry "CAN"]
[BlackCountry "ENG"]
[WhiteElo "1584"]
[WhiteRD "79"]
[BlackElo "2186"]
[BlackRD "69"]
[GameID "393990"]

1. e4 d5 2. exd5 Qxd5 3. Nc3 Qa5 4. d4 Nf6 5. Bc4 Bf5 6. Bd2 c6 7. Ne4 Qc7 8. Nxf6+ exf6 9. Qe2+ Be7 10. Bb4 Be6
11. Bxe6 Bxb4+ 12. c3 Bxc3+ 13. bxc3 fxe6 14. Qxe6+ Qe7 15. Qxe7+ Kxe7 16. Nf3 Re8 17. Kd2 Kf7 18. Rhb1 b6 19. a4 Nd7 20. a5 b5
21. d5 a6 22. c4 Nc5 23. Kc3 Ne4+ 24. Kb4 c5+ 25. Kb3 Nxf2 26. cxb5 axb5 27. a6 Re3+ 28. Kc2 b4 29. a7 Rc3+ 30. Kd2 Ne4+
31. Ke1 Ra3 32. Rxa3 bxa3 33. Rb7+ Kg6
0-1

[Event "Scandinavian Intrigue!"]
[Site "SchemingMind.com"]
[Date "2016.01.19"]
[Round "-"]
[White "DHall"]
[Black "Darnell"]
[Result "1-0"]
[WhiteCountry "ENG"]
[BlackCountry "CAN"]
[WhiteElo "2186"]
[WhiteRD "69"]
[BlackElo "1584"]
[BlackRD "79"]
[GameID "393991"]

1. e4 d5 2. exd5 Qxd5 3. Nc3 Qa5 4. d4 Nf6 5. Nf3 c6 6. Bd2 Bf5 7. Ne4 Qc7 8. Nxf6+ gxf6 9. g3 Nd7 10. Bg2 Qb6
11. Qc1 e6 12. O-O Bd6 13. Re1 O-O-O 14. c4 Bb4 15. c5 Qa5 16. a3 Bxd2 17. Qxd2 Qxd2 18. Nxd2 e5 19. b4 h5 20. d5 cxd5
21. Bxd5 Nxc5 22. Bxf7 Rxd2 23. bxc5 h4 24. Rad1 Rb2 25. Rd6 hxg3 26. hxg3 Rd8 27. Rxf6 Bh3 28. Rxe5 Rb1+ 29. Kh2 Bg4 30. Be6+ Bxe6
31. Rfxe6 Rb2 32. Kg2 Kc7 33. g4 a6 34. g5 Rg8 35. Re8 Rg6 36. R5e7+
1-0

[Event "Scandinavian Intrigue!"]
[Site "SchemingMind.com"]
[Date "2016.01.19"]
[Round "-"]
[White "maro"]
[Black "Darnell"]
[Result "0-1"]
[WhiteCountry "MEX"]
[BlackCountry "CAN"]
[WhiteElo "1348"]
[WhiteRD "58"]
[BlackElo "1584"]
[BlackRD "79"]
[GameID "394093"]

1. e4 d5 2. exd5 Qxd5 3. Nf3 Nf6 4. Nc3 Qa5 5. Bb5+ c6 6. Bc4 Bg4 7. O-O e5 8. d4 exd4 9. Re1+ Be7 10. Qxd4 Bxf3
11. gxf3 Qd8 12. Be3 O-O 13. Qh4 Nd5 14. Qh3 Nxc3 15. bxc3 Qd7 16. Qxd7 Nxd7 17. Rad1 Ne5 18. Be2 b6 19. f4 Ng6 20. f5 Nh4
21. Rd7 Nxf5 22. Rc7 Rfe8 23. Rxc6 Nxe3 24. fxe3 Bh4 25. Rd1 Rxe3 26. Ba6 Rae8 27. Kg2 g6 28. Rf1 R8e6 29. Rxe6 Rxe6 30. Bc4 Rf6
31. Rd1 Rc6 32. Bb3 Rc7 33. Rd4 Bf6 34. Rd8+ Kg7 35. Ra8 Bxc3 36. Kg3 f5 37. Rg8+ Kf6 38. Kh4 Re7 39. Rf8+ Kg7 40. Rc8 Re3
41. Kg5 h6+ 42. Kf4 Bd2 43. Rc7+ Re7+
0-1

[Event "Scandinavian Intrigue!"]
[Site "SchemingMind.com"]
[Date "2016.01.19"]
[Round "-"]
[White "Darnell"]
[Black "maro"]
[Result "1-0"]
[WhiteCountry "CAN"]
[BlackCountry "MEX"]
[WhiteElo "1605"]
[WhiteRD "106"]
[BlackElo "1327"]
[BlackRD "59"]
[GameID "394094"]

1. e4 d5 2. exd5 Qxd5 3. Nc3 Qe5+ 4. Be2 e6 5. Nf3 Qc5 6. d4 Qd6 7. O-O Be7 8. Nb5 Qc6 9. Ne5 Qb6 10. Be3 a6
11. d5 c5 12. dxc6 Bc5 13. c7 Bxe3 14. Qd8#
1-0

[Event "Scandinavian Intrigue!"]
[Site "SchemingMind.com"]
[Date "2016.01.19"]
[Round "-"]
[White "maro"]
[Black "Stephen Woodhouse"]
[Result "0-1"]
[WhiteCountry "MEX"]
[BlackCountry "ENG"]
[WhiteElo "1348"]
[WhiteRD "58"]
[BlackElo "1805"]
[BlackRD "50"]
[GameID "394095"]

1. e4 d5 2. d3 dxe4 3. Be3 Nf6 4. Nc3 Bf5 5. dxe4 Qxd1+ 6. Nxd1 Nxe4 7. Bd3 Nd6 8. Bxf5 Nxf5 9. Nf3 Nxe3 10. Nxe3 Nd7
11. O-O-O e6 12. Rhe1 Be7 13. Nd4 O-O-O 14. Nb5 a6 15. Nc3 Nb6 16. Rxd8+ Rxd8 17. b3 Bb4 18. Kb2 Nd5 19. Nexd5 exd5 20. Rd1 Bxc3+
21. Kxc3 c5 22. Kb2 Kc7 23. c3 Kd6 24. c4 d4 25. Ka3 Re8 26. b4 Re2 27. bxc5+ Kxc5 28. Kb3 Rxf2 29. Re1 Rxg2 30. Re5+ Kd6
31. Rd5+ Kc6 32. Rxd4 Rxh2 33. Kb4 Rxa2 34. c5 Rb2+ 35. Kc4 Re2 36. Rd6+ Kc7 37. Kd5 Rd2+ 38. Ke5 Rxd6 39. cxd6+ Kd7
0-1

[Event "Scandinavian Intrigue!"]
[Site "SchemingMind.com"]
[Date "2016.01.19"]
[Round "-"]
[White "maro"]
[Black "DHall"]
[Result "0-1"]
[WhiteCountry "MEX"]
[BlackCountry "ENG"]
[WhiteElo "1348"]
[WhiteRD "58"]
[BlackElo "2186"]
[BlackRD "69"]
[GameID "394097"]

1. e4 d5 2. d4 dxe4 3. Nc3 Bf5 4. d5 c6 5. Bc4 Nf6 6. Nge2 e6 7. dxc6 Nxc6 8. Bb5 Qxd1+ 9. Nxd1 Rc8 10. Ne3 Bd6
11. O-O O-O 12. c3 Ne7 13. b3 Nfd5 14. Nd4 Nxc3 15. Bd7 Rcd8 16. Bb5 Bxh2+ 17. Kxh2 Rxd4 18. Nxf5 exf5 19. a4 a6 20. Bc4 b5
21. axb5 axb5 22. Bb2 bxc4 23. Bxc3 Rd3 24. Bb4 Rd7 25. bxc4 Rc8 26. c5 Nc6 27. Rfb1 f6 28. Ra6 Nxb4 29. Rxb4 Rxc5 30. Rb8+ Kf7
31. Raa8 Kg6 32. Kh3 Rc2 33. g4 fxg4+ 34. Kxg4 Rd3 35. Ra4 h5+ 36. Kf4 Re2 37. Rxe4 Rxf2#
0-1

[Event "Scandinavian Intrigue!"]
[Site "SchemingMind.com"]
[Date "2016.01.25"]
[Round "-"]
[White "maro"]
[Black "emvarela"]
[Result "1-0"]
[WhiteCountry "MEX"]
[BlackCountry "ARG"]
[WhiteElo "1417"]
[WhiteRD "57"]
[BlackElo "1658"]
[BlackRD "48"]
[GameID "394308"]

1. e4 d5 2. exd5 Qxd5 3. d3 e5 4. Nc3 Qc6 5. Nf3 Bb4 6. Bd2 Bg4 7. Be2 Nf6 8. Nxe5 Qxg2 9. Rf1 Bxe2 10. Qxe2 O-O
11. O-O-O Qh3 12. Nb5 Bxd2+ 13. Rxd2 Na6 14. f4 Rfe8 15. Rf3 Qc8 16. h3 c6 17. Nd6 Rxe5 18. Qxe5 Qc7 19. Rg3 Rd8 20. Qg5 g6
21. Nf5 Rd5 22. Qxf6 Rxf5 23. Qxf5 Qe7 24. Qc8+ Kg7 25. Rd1 Nb4 26. Kb1 Qc5 27. c3 Qf2 28. cxb4 Qxg3 29. f5 Qxh3 30. f6+
1-0

[Event "Scandinavian Intrigue!"]
[Site "SchemingMind.com"]
[Date "2016.01.25"]
[Round "-"]
[White "emvarela"]
[Black "maro"]
[Result "1-0"]
[WhiteCountry "ARG"]
[BlackCountry "MEX"]
[WhiteElo "1658"]
[WhiteRD "48"]
[BlackElo "1417"]
[BlackRD "57"]
[GameID "394309"]

1. e4 d5 2. d4 dxe4 3. Nc3 Nf6 4. f3 exf3 5. Nxf3 e6 6. Bg5 Bb4 7. Qd3 O-O 8. a3 b6 9. axb4 Bb7 10. Bxf6 Qxf6
11. Nb5 Nc6 12. c3 Rfc8 13. O-O-O Qf4+ 14. Kc2 Ba6 15. Qd2 Qf5+ 16. Bd3 Qd5 17. Na3 Bxd3+ 18. Qxd3 Ne7 19. c4 Qd7 20. b3 Rd8
21. Ne5 Qc8 22. Qf3 f5 23. Nc6 Nxc6 24. Qxc6 Qa6 25. Qa4 Qb7 26. Rd2 Qe4+ 27. Kc3 e5 28. d5 Qe3+ 29. Rd3 Qe4 30. Qc6 Qxg2
31. Qe6+ Kh8 32. Rhd1 Re8 33. Qxf5 e4 34. Re3 Rf8 35. Qxe4 Qxh2 36. Rh1
1-0

[Event "Scandinavian Intrigue!"]
[Site "SchemingMind.com"]
[Date "2016.01.25"]
[Round "-"]
[White "emvarela"]
[Black "Stephen Woodhouse"]
[Result "0-1"]
[WhiteCountry "ARG"]
[BlackCountry "ENG"]
[WhiteElo "1658"]
[WhiteRD "48"]
[BlackElo "1842"]
[BlackRD "51"]
[GameID "394312"]

1. e4 d5 2. exd5 Qxd5 3. Nc3 Qd6 4. d4 c6 5. Be3 Nf6 6. Nf3 Bg4 7. h3 Bh5 8. Be2 Nbd7 9. Qd2 O-O-O 10. g4 Bg6
11. Bd3 e5 12. Bxg6 hxg6 13. dxe5 Qxd2+ 14. Bxd2 Nxg4 15. Ke2 Ngxe5 16. Nxe5 Nxe5 17. b3 Bb4 18. a3 Ba5 19. b4 Bc7 20. f4 Nc4
21. Be1 Bxf4 22. Kf3 Be5 23. Bg3 Bxg3 24. Kxg3 Rd2 25. Ne4 Rxc2 26. Rad1 f5 27. Nd6+ Nxd6 28. Rxd6 g5 29. Rg6 Rc3+ 30. Kg2 g4
31. Rxg7 Rhxh3 32. Rxh3 Rxh3 33. Rg8+ Kc7 34. Rf8 Rxa3 35. Rxf5 Kb6 36. Rf4 g3 37. Rg4 a5 38. bxa5+ Kxa5
0-1

[Event "Scandinavian Intrigue!"]
[Site "SchemingMind.com"]
[Date "2016.01.25"]
[Round "-"]
[White "Stephen Woodhouse"]
[Black "emvarela"]
[Result "1-0"]
[WhiteCountry "ENG"]
[BlackCountry "ARG"]
[WhiteElo "1824"]
[WhiteRD "49"]
[BlackElo "1684"]
[BlackRD "47"]
[GameID "394313"]

1. e4 d5 2. exd5 Qxd5 3. Nc3 Qd8 4. d4 Nf6 5. Nf3 e6 6. Bc4 Bb4 7. O-O Bxc3 8. bxc3 O-O 9. Bg5 h6 10. Bh4 Nbd7
11. Re1 Qe7 12. Ne5 g5 13. Bg3 Nxe5 14. Bxe5 Nd7 15. Qh5 Nxe5 16. Rxe5 Kg7 17. Rae1 c6 18. h4 Rg8 19. hxg5
1-0

[Event "Scandinavian Intrigue!"]
[Site "SchemingMind.com"]
[Date "2016.01.25"]
[Round "-"]
[White "emvarela"]
[Black "DHall"]
[Result "0-1"]
[WhiteCountry "ARG"]
[BlackCountry "ENG"]
[WhiteElo "1658"]
[WhiteRD "48"]
[BlackElo "2251"]
[BlackRD "71"]
[GameID "394314"]

1. e4 d5 2. exd5 Qxd5 3. Nc3 Qd6 4. d4 Nf6 5. Nf3 c6 6. Be3 Bg4 7. h3 Bh5 8. Qd2 e6 9. Be2 Qc7 10. O-O-O Bb4
11. g4 Bg6 12. Bd3 Nd5 13. Bxg6 Nxc3 14. Bxf7+ Qxf7 15. bxc3 Ba3+ 16. Kb1 Qxf3 17. c4 O-O 18. Qd3 Be7 19. g5 Na6 20. a3 Rad8
21. c3 Nc5 22. Qc2 Ne4 23. h4 Bxa3 24. Rhf1 b5 25. cxb5 cxb5 26. Qb3 b4 27. Qxe6+ Kh8 28. Qb3 Rb8 29. Ka1 Nxc3
0-1

[Event "Scandinavian Intrigue!"]
[Site "SchemingMind.com"]
[Date "2016.01.25"]
[Round "-"]
[White "DHall"]
[Black "emvarela"]
[Result "1/2-1/2"]
[WhiteCountry "ENG"]
[BlackCountry "ARG"]
[WhiteElo "2253"]
[WhiteRD "77"]
[BlackElo "1652"]
[BlackRD "47"]
[GameID "394315"]

1. e4 d5 2. exd5 Qxd5 3. Nc3 Qd8 4. d4 Nf6 5. Nf3 e6 6. Bc4 Bb4 7. Bd2 O-O 8. a3 Bxc3 9. Bxc3 Nbd7 10. O-O Nb6
11. Bb3 Bd7 12. Re1 Bc6 13. Bb4 Re8 14. c4 Bxf3 15. Qxf3 c6 16. Bc3 a5 17. a4 Nbd7 18. Bc2 c5 19. Qxb7 cxd4 20. Bxd4 Rb8
21. Qf3 Nb6 22. Qd3 Qe7 23. Bxf6 Qxf6 24. Qxh7+ Kf8 25. b3 Rbd8 26. Qh8+ Ke7 27. Qh5 g5 28. Rad1 Rxd1 29. Qxd1 Rd8 30. Qc1 Rd4
31. Re2 Nd7 32. Qe1 Nc5 33. Qxa5 Nd3 34. Rd2 Nf4 35. Qc5+ Ke8 36. Rxd4 Ne2+ 37. Kf1 Nxd4 38. Be4 e5 39. a5 Qf4 40. Bc6+ Nxc6
41. Qxc6+ Kf8 42. g3 Qg4 43. Qd6+ Kg7 44. Qxe5+ Kg6 45. a6 Qd1+ 46. Kg2 Qxb3 47. Qe4+=
1/2-1/2

[Event "Scandinavian Intrigue!"]
[Site "SchemingMind.com"]
[Date "2016.01.29"]
[Round "-"]
[White "maro"]
[Black "Scooter"]
[Result "0-1"]
[WhiteCountry "MEX"]
[BlackCountry "USA"]
[WhiteElo "1348"]
[WhiteRD "58"]
[BlackElo "1677"]
[BlackRD "48"]
[GameID "394687"]

1. e4 d5 2. exd5 Qxd5 3. Nf3 Nf6 4. b3 Bg4 5. Bc4 Bxf3 6. gxf3 Qd8 7. d3 e6 8. Bf4 Bd6 9. Bxd6 cxd6 10. Nc3 a6
11. d4 b5 12. Bd3 O-O 13. f4 Nc6 14. a3 Nxd4 15. b4 g6 16. Ne2 Nf3+ 17. Kf1 Qb6 18. Nc3 Rac8 19. Ne4 Nxe4 20. Bxe4 Nd4
21. Rc1 d5 22. Bd3 Qd6 23. c3 Qxf4 24. Rg1 Nf3 25. Rg2 Nxh2+ 26. Kg1 Nf3+ 27. Kf1 Nd2+ 28. Ke2 Qf3+ 29. Kxd2 Qxg2 30. Kc2 Qxf2+
31. Kb1 Rc7 32. Rc2 Qf6
0-1

[Event "Scandinavian Intrigue!"]
[Site "SchemingMind.com"]
[Date "2016.01.29"]
[Round "-"]
[White "Scooter"]
[Black "maro"]
[Result "1-0"]
[WhiteCountry "USA"]
[BlackCountry "MEX"]
[WhiteElo "1677"]
[WhiteRD "48"]
[BlackElo "1348"]
[BlackRD "58"]
[GameID "394688"]

1. e4 d5 2. exd5 Qxd5 3. Nc3 Qe6+ 4. Qe2 Qxe2+ 5. Bxe2 c6 6. Nf3 Bf5 7. d3 e6 8. O-O Bd6 9. Nh4 Nd7 10. Nxf5 exf5
11. Re1 Ne7 12. g3 O-O 13. Bd2 g6 14. a3 b5 15. Bh6 Rfe8 16. Bf3 b4 17. Ne2 bxa3 18. bxa3 Rab8 19. Nd4 Be5 20. c3 Nc5
21. Rxe5 Nxd3 22. Re3 Nc5 23. Nxc6 Nxc6 24. Rxe8+ Rxe8 25. Bxc6 Re6 26. Bd5 Rd6 27. Rb1 Nd7 28. Rd1 Rb6 29. Re1 Nf6 30. Re7 Kh8
31. Rxf7 Rb8 32. Bg7+
1-0

[Event "Scandinavian Intrigue!"]
[Site "SchemingMind.com"]
[Date "2016.02.02"]
[Round "-"]
[White "emvarela"]
[Black "Scooter"]
[Result "0-1"]
[WhiteCountry "ARG"]
[BlackCountry "USA"]
[WhiteElo "1680"]
[WhiteRD "49"]
[BlackElo "1731"]
[BlackRD "47"]
[GameID "394689"]

1. e4 d5 2. exd5 Qxd5 3. Nc3 Qd8 4. d4 Nf6 5. Be3 g6 6. Nf3 Bg7 7. Qd2 O-O 8. O-O-O Bg4 9. Be2 Nbd7 10. h3 Bxf3
11. Bxf3 c6 12. g4 e6 13. Ne4 Nxe4 14. Bxe4 Nf6 15. Bf3 Nd5 16. c4 Nxe3 17. Qxe3 Qh4 18. Kc2 Bh6 19. Qb3 Qxf2+ 20. Kb1 Rab8
21. Rhf1 Qe3 22. Rd3 Qg5 23. Kc2 Rfd8 24. Qc3 Rd7 25. Qe1 Rbd8 26. h4 Qe7 27. Qe4 Qxh4 28. Qe5 Bg7 29. Qe4 Rxd4 30. Rxd4 Rxd4
31. Qe2 Bh6 32. Rd1 Rxd1 33. Qxd1 Qf2+ 34. Kb3 Qe3+ 35. Kc2 Bg5 36. a3 Qc5 37. Qd3 Bf6 38. b4 Qf2+ 39. Qe2 Qxe2+ 40. Bxe2 Bd4
41. Kd3 e5 42. a4 f6 43. Ke4 b6 44. b5 cxb5 45. cxb5 h6 46. Bd3 Kf7 47. Bc4+ Ke7 48. Kd5 Kd7 49. Bd3 h5 50. gxh5 gxh5
51. Bf5+ Ke7 52. Kc6 h4 53. Kb7 Kd6 54. Kxa7 Kc5
0-1

[Event "Scandinavian Intrigue!"]
[Site "SchemingMind.com"]
[Date "2016.02.02"]
[Round "-"]
[White "Scooter"]
[Black "emvarela"]
[Result "0-1"]
[WhiteCountry "USA"]
[BlackCountry "ARG"]
[WhiteElo "1710"]
[WhiteRD "48"]
[BlackElo "1658"]
[BlackRD "48"]
[GameID "394690"]

1. e4 d5 2. exd5 e5 3. Nc3 Nf6 4. g3 Nxd5 5. Nge2 Nxc3 6. dxc3 Qxd1+ 7. Kxd1 Bg4 8. h3 Bxe2+ 9. Bxe2 Bc5 10. Be3 Bxe3
11. fxe3 Ke7 12. Bf3 c6 13. Ke2 Nd7 14. Rad1 Rad8 15. Rd2 Nb6 16. Rhd1 Rxd2+ 17. Kxd2 Rd8+ 18. Kc1 Rxd1+ 19. Bxd1 Nd5 20. e4 Ne3
21. Be2 f5 22. exf5 Nxf5 23. g4 Nd6 24. c4 b6 25. b3 Ke6 26. Bf3 e4 27. Bg2 Ke5 28. Kd2 Kf4 29. Ke2 c5 30. c3 b5
31. cxb5 Nxb5 32. c4 Nc3+ 33. Kd2 Nxa2 34. Ke1 Nc1 35. Kd1 Nxb3 36. Kc2 Nd4+ 37. Kc3 e3
0-1

[Event "Scandinavian Intrigue!"]
[Site "SchemingMind.com"]
[Date "2016.01.28"]
[Round "-"]
[White "Darnell"]
[Black "Scooter"]
[Result "1-0"]
[WhiteCountry "CAN"]
[BlackCountry "USA"]
[WhiteElo "1584"]
[WhiteRD "79"]
[BlackElo "1677"]
[BlackRD "48"]
[GameID "394691"]

1. e4 d5 2. exd5 Qxd5 3. Nc3 Qd8 4. d4 Nf6 5. Nf3 g6 6. Ne5 Bg7 7. Bc4 e6 8. Bg5 Nbd7 9. Qe2 O-O 10. O-O-O Qe8
11. f4 Nxe5 12. fxe5 Nd7 13. Rhf1 a6 14. Ne4 b5 15. Bb3 Bb7 16. Rf4 Bxe4 17. Qxe4 c5 18. c3 h6 19. Bh4 g5 20. Bc2 f5
21. exf6 Nxf6 22. Rxf6 Rxf6 23. Qh7+ Kf7 24. Bg3 Qh8 25. Qxh8 Rxh8 26. dxc5 Rc8 27. Rd7+ Kg8 28. Bb3 Bf8 29. Be5 Rf1+ 30. Kd2 Rxc5
31. Bxe6+
1-0

[Event "Scandinavian Intrigue!"]
[Site "SchemingMind.com"]
[Date "2016.01.28"]
[Round "-"]
[White "Scooter"]
[Black "Darnell"]
[Result "1-0"]
[WhiteCountry "USA"]
[BlackCountry "CAN"]
[WhiteElo "1677"]
[WhiteRD "48"]
[BlackElo "1584"]
[BlackRD "79"]
[GameID "394692"]

1. e4 d5 2. exd5 Qxd5 3. Nc3 Qd8 4. Bc4 Nf6 5. Nf3 Bg4 6. O-O Nc6 7. h3 Bh5 8. Be2 e5 9. Nxe5 Bxe2 10. Qxe2 Nd4
11. Qd3 Bc5 12. Qc4 Qe7 13. Na4 Qxe5 14. Qxc5 Qf4 15. Re1+ Ne6 16. Nc3 b6 17. Qc6+
1-0

[Event "Scandinavian Intrigue!"]
[Site "SchemingMind.com"]
[Date "2016.01.28"]
[Round "-"]
[White "Scooter"]
[Black "Stephen Woodhouse"]
[Result "0-1"]
[WhiteCountry "USA"]
[BlackCountry "ENG"]
[WhiteElo "1677"]
[WhiteRD "48"]
[BlackElo "1805"]
[BlackRD "50"]
[GameID "394693"]

1. e4 d5 2. exd5 Nf6 3. Bc4 Nxd5 4. Nf3 Bg4 5. d3 Nc6 6. O-O Ne5 7. Bxd5 Qxd5 8. Nbd2 e6 9. Qe2 Bd6 10. Re1 O-O-O
11. h3 Nxf3+ 12. Nxf3 Bxf3 13. Qxf3 Qxf3 14. gxf3 Bc5 15. b3 Bd4 16. Rb1 Rd5 17. Be3 Rhd8 18. Bxd4 Rxd4 19. Re4 c5 20. Rbe1 Kc7
21. Rg4 g6 22. Ree4 Kc6 23. Rxd4 Rxd4 24. Kf1 Kd5 25. Ke2 h5 26. Rg5+ Kd6 27. c3 Rd5 28. f4 e5 29. c4 Rd4 30. fxe5+ Ke6
31. Ke3 Rh4 32. f3 Rxh3 33. a3 Rh2 34. b4 cxb4 35. axb4 a6 36. d4 Rb2 37. d5+ Ke7 38. d6+ Ke6 39. b5 axb5 40. cxb5 Rxb5
41. f4 Rd5 42. Rg2 b5 43. Rb2 g5 44. Re2 gxf4+ 45. Kxf4 b4 46. Kg5 b3 47. Kxh5 Rb5 48. Rb2 Rxe5+ 49. Kh4 Rb5
0-1

[Event "Scandinavian Intrigue!"]
[Site "SchemingMind.com"]
[Date "2016.01.28"]
[Round "-"]
[White "Stephen Woodhouse"]
[Black "Scooter"]
[Result "1-0"]
[WhiteCountry "ENG"]
[BlackCountry "USA"]
[WhiteElo "1805"]
[WhiteRD "50"]
[BlackElo "1677"]
[BlackRD "48"]
[GameID "394694"]

1. e4 d5 2. exd5 Qxd5 3. Nc3 Qd8 4. d4 Nf6 5. Nf3 Bg4 6. Be2 e6 7. h3 Bxf3 8. Bxf3 c6 9. Bg5 Be7 10. O-O Nbd7
11. Qe2 O-O 12. Rad1 Nd5 13. Bxe7 Nxc3 14. Bxd8 Nxe2+ 15. Bxe2 Rfxd8 16. f4 Nf6 17. Bf3 Nd5 18. Bxd5 Rxd5 19. c4 Rd7 20. Rf3 Rad8
21. Rfd3 c5 22. d5 exd5 23. cxd5 f5 24. Kf2 Kf7 25. g4 g6 26. gxf5 gxf5 27. Kg3 Kf6 28. Kh4 Rg8 29. Re1 Rd6 30. Re5 b5
31. Rde3 a5 32. Re6+ Rxe6 33. Rxe6+ Kf7 34. Rb6 b4 35. Rb7+ Kg6 36. Rb5 Rd8 37. Rxc5 a4 38. Rb5 b3 39. axb3 axb3 40. Rb6+ Kf7
41. Rxb3 Rxd5 42. Kg5 Kg7 43. Rb7+ Kg8 44. Kf6 Rd6+ 45. Kxf5 Rh6 46. Rb3 Rh5+ 47. Kg4 Rc5 48. Rc3
1-0

[Event "Scandinavian Intrigue!"]
[Site "SchemingMind.com"]
[Date "2016.01.28"]
[Round "-"]
[White "Scooter"]
[Black "DHall"]
[Result "0-1"]
[WhiteCountry "USA"]
[BlackCountry "ENG"]
[WhiteElo "1677"]
[WhiteRD "48"]
[BlackElo "2186"]
[BlackRD "69"]
[GameID "394695"]

1. e4 d5 2. exd5 Qxd5 3. Nc3 Qd6 4. Nf3 Nf6 5. Bc4 Bg4 6. Be2 c6 7. h3 Bxf3 8. Bxf3 e6 9. O-O Nbd7 10. d3 Qc7
11. Bd2 Bd6 12. Ne4 Nxe4 13. Bxe4 Nf6 14. Bf3 O-O 15. Re1 Rad8 16. Bg5 Be5 17. c3 h6 18. Bxf6 Bxf6 19. Qc2 Rd7 20. Rac1 Rfd8
21. d4 c5 22. dxc5 Rd2 23. Qb3 Bh4 24. Rf1 Bxf2+ 25. Rxf2 Qxc5 26. Rf1 Rxf2 27. Rxf2 Rd2 28. Qxb7 Qxf2+ 29. Kh1 f5 30. Qc8+ Kh7
31. Qxe6 Qf1+ 32. Kh2 Qxf3
0-1

[Event "Scandinavian Intrigue!"]
[Site "SchemingMind.com"]
[Date "2016.01.28"]
[Round "-"]
[White "DHall"]
[Black "Scooter"]
[Result "1-0"]
[WhiteCountry "ENG"]
[BlackCountry "USA"]
[WhiteElo "2186"]
[WhiteRD "69"]
[BlackElo "1677"]
[BlackRD "48"]
[GameID "394696"]

1. e4 d5 2. exd5 Qxd5 3. Nc3 Qd8 4. d4 Nf6 5. Bc4 e6 6. Nf3 Bb4 7. Bd2 O-O 8. O-O b6 9. a3 Bxc3 10. Bxc3 Bb7
11. Re1 Nbd7 12. Qd3 c5 13. Rad1 cxd4 14. Nxd4 Nc5 15. Qg3 Nce4 16. Nxe6 Qxd1 17. Qxg7#
1-0

[Event "Scandinavian Intrigue!"]
[Site "SchemingMind.com"]
[Date "2016.02.03"]
[Round "-"]
[White "maro"]
[Black "kenneth m day"]
[Result "0-1"]
[WhiteCountry "MEX"]
[BlackCountry "USA"]
[WhiteElo "1348"]
[WhiteRD "58"]
[BlackElo "1702"]
[BlackRD "51"]
[GameID "394978"]

1. e4 d5 2. exd5 Qxd5 3. Nc3 Qd6 4. d4 Nf6 5. g3 Bg4 6. Be2 Bf5 7. Bf4 Qb6 8. Nf3 Nc6 9. b3 O-O-O 10. O-O e6
11. Nh4 Nxd4 12. Bc4 Bg4 13. Qd3 Bc5 14. Na4 Qc6 15. Nxc5 Qxc5 16. Qe4 Nxe4
0-1

[Event "Scandinavian Intrigue!"]
[Site "SchemingMind.com"]
[Date "2016.02.03"]
[Round "-"]
[White "kenneth m day"]
[Black "maro"]
[Result "1-0"]
[WhiteCountry "USA"]
[BlackCountry "MEX"]
[WhiteElo "1702"]
[WhiteRD "51"]
[BlackElo "1348"]
[BlackRD "58"]
[GameID "394979"]

1. e4 d5 2. exd5 Qxd5 3. Nc3 Qc5 4. d4 Qf5 5. Bd3 Qa5 6. Nf3 e6 7. O-O Bd6 8. Bd2 c6 9. Ne4 Qc7 10. Nxd6+ Qxd6
11. c4 Nf6 12. Bc3 O-O 13. Re1 Re8 14. Qd2 b6 15. a3 Nbd7 16. Rad1 Ng4 17. h3 Ngf6 18. Qg5 h6 19. Qh4 c5 20. dxc5 bxc5
21. Be4 Qe7 22. Bxa8 Ba6 23. Bc6 Rd8 24. b3 Nb8 25. Be4 Rd7 26. Bc2 Bb7 27. Bxf6 gxf6 28. Qxh6 f5 29. Bxf5 Rxd1 30. Qh7+ Kf8
31. Qh8#
1-0

[Event "Scandinavian Intrigue!"]
[Site "SchemingMind.com"]
[Date "2016.02.08"]
[Round "-"]
[White "emvarela"]
[Black "kenneth m day"]
[Result "1-0"]
[WhiteCountry "ARG"]
[BlackCountry "USA"]
[WhiteElo "1695"]
[WhiteRD "48"]
[BlackElo "1705"]
[BlackRD "53"]
[GameID "394980"]

1. e4 d5 2. exd5 Qxd5 3. Nc3 Qd6 4. d4 Nf6 5. Be3 a6 6. Be2 Nc6 7. Nf3 Bg4 8. h3 Bf5 9. Bd3 Bg6 10. Bxg6 hxg6
11. Qd2 O-O-O 12. O-O-O e6 13. Ne5 Nxe5 14. dxe5 Qxd2+ 15. Rxd2 Nd5 16. Nxd5 Rxd5 17. Rxd5 exd5 18. f4 Be7 19. g3 c5 20. c3 Kd7
21. h4 Rc8 22. Rd1 Ke8 23. Rxd5 b6 24. Kd2 Bd8 25. a3 Bc7 26. b3 Ke7 27. c4 Rd8 28. Rxd8 Bxd8 29. Kd3 Ke6 30. Ke4 Be7
31. Bd2 f6 32. exf6 gxf6 33. Be1 Bd6 34. g4 b5 35. f5+ gxf5+ 36. gxf5+ Kf7 37. Kd5 Bf8 38. cxb5 axb5 39. Kc6 b4 40. axb4 cxb4
41. Kb5 Kg7 42. Bxb4 Bxb4 43. Kxb4 Kh6 44. Kc5 Kh5 45. b4 Kxh4 46. b5
1-0